000 01061nam a2200325 i 4500
001 000007247
003 DO-SdBNP
005 20250807141024.0
007 ta
008 090907s1998 dr 000 0 spa d
040 _aDO-SdBNP
_bspa
_cBNPHU
_erda
041 _aspa
082 4 _a618.2
_bM516c
_222
100 1 _aMejía Mejía, Wilson,
_eautor
_4aut.
_920109
245 1 0 _aComadronas, medicina y sociedad /
_cWilson Mejía Mejía.
264 1 _aSanto Domingo, República Dominicana :
_bEditora Impretur,
_c1998.
300 _a311 páginas ;
_c21 cm.
336 _atexto
_btxt
_2rdacontent
337 _asin mediación
_bn
_2rdamedia
338 _avolumen
_bnc
_2rdacarrier
500 _aIncluye datos biográficos del autor en la contracubierta
504 _aBiografía: páginas 297-311
590 _aInventariado, 2018/DG
650 4 _aGinecología
_920061
650 4 _aObstetricia
_920060
650 4 _aNacimiento
_920110
700 1 _aPichardo, Alejandro,
_eprologuista
_9238
_4pr.
910 _aValidado. Control de calidad. MFF
942 _2ddc
_cLBS1
999 _c7028
_d7028